000 00465nam a2200157Ia 4500
008 131103s9999 xx 000 0 und d
040 _aLoreto College
041 _aEnglish
082 _a920/GRE
_bLCBED/11538
245 _aGreat men and women of india
_b an anthology if biographical essays on the Indian science
260 _aDelhi
_bOxford University Press
_c1989
300 _av,73p
_c 17cm.
650 _aBiography
850 _aLCBED/920/GRE
942 _cBK
999 _c30697
_d81176